[Event "ITA-chT playoff 54th"]
[Site "Bacoli"]
[Date "2023.05.01"]
[Round "4"]
[White "Lodici, Lorenzo"]
[Black "Fier, Alexandr"]
[Result "0-1"]
[WhiteElo "2524"]
[BlackElo "2599"]
[PlyCount "77"]
[EventDate "2023.05.01"]
[EventType "team-tourn"]
[EventRounds "4"]
[EventCountry "ITA"]
[SourceTitle "CBM 213 Extra"]
[Source "ChessBase"]
[SourceDate "2023.05.31"]
[SourceVersion "1"]
[SourceVersionDate "2023.05.31"]
[SourceQuality "1"]
[WhiteTeam "Arrocco"]
[BlackTeam "Lazio Scacchi"]
[WhiteTeamCountry "ITA"]
[BlackTeamCountry "ITA"]

1. e4 c6 2. d4 d5 3. f3 dxe4 4. fxe4 e5 5. Nf3 Bg4 6. c3 Nd7 7. Bd3 Ngf6 8. 0-0 Bd6 9. Nbd2 b5 10. a4 a6 11. Qe1 0-0 12. Kh1 Bc7 13. Qh4 Bh5 14. Nb3 Bg6 15. Bg5 h6 16. Bxf6 Qxf6 17. Qg4 Qd6 18. axb5 axb5 19. Rad1 Rae8 20. Bc2 Nf6 21. Qh4 Qe7 22. dxe5 Bxe5 23. Nbd4 Qc7 24. Nf5 Bxf5 25. exf5 Re7 26. Rfe1 Rfe8 27. Nxe5 Rxe5 28. h3 c5 29. Kg1 c4 30. Qf2 Qe7 31. Rxe5 Qxe5 32. Qf3 Qe2 33. Qxe2 Rxe2 34. Rd8+ Kh7 35. Bd1 Rxb2 36. Bf3 h5 37. Bc6 b4 38. cxb4 c3 39. Ba4 0-1

[Event "ITA-chT GpB 54th"]
[Site "Bacoli"]
[Date "2023.04.27"]
[Round "4"]
[White "Lodici, Lorenzo"]
[Black "Jianu, Vlad Cristian"]
[Result "0-1"]
[WhiteElo "2524"]
[BlackElo "2504"]
[PlyCount "66"]
[EventDate "2023.04.25"]
[EventType "team-tourn"]
[EventRounds "7"]
[EventCountry "ITA"]
[SourceTitle "CBM 213 Extra"]
[Source "ChessBase"]
[SourceDate "2023.05.31"]
[SourceVersion "1"]
[SourceVersionDate "2023.05.31"]
[SourceQuality "1"]
[WhiteTeam "Arrocco"]
[BlackTeam "Torino"]
[WhiteTeamCountry "ITA"]
[BlackTeamCountry "ITA"]

1. d4 Nf6 2. c4 e6 3. Nc3 Bb4 4. a3 Bxc3+ 5. bxc3 d6 6. f3 c5 7. e4 Nc6 8. Ne2 b6 9. Bg5 h6 10. Bh4 0-0 11. Nc1 Ba6 12. Nb3 Rc8 13. Ra2 cxd4 14. cxd4 Ne7 15. Nd2 Qd7 16. Bxf6 gxf6 17. Qb3 Nc6 18. Qe3 Kg7 19. Bd3 Na5 20. Rc2 b5 21. cxb5 Rxc2 22. Bxc2 Qxb5 23. Kf2 Rc8 24. Rb1 Qh5 25. Ba4 Qxh2 26. f4 Nc4 27. Nxc4 Rxc4 28. Bb3 Rc7 29. Rd1 Rb7 30. Qf3 h5 31. f5 exf5 32. exf5 Re7 33. Rd2 Re1 0-1

[Event "Mitropa Cup"]
[Site "Mali Losinj"]
[Date "2023.04.16"]
[Round "6.3"]
[White "Arcuti, Davide"]
[Black "Lodici, Lorenzo"]
[Result "0-1"]
[WhiteElo "2359"]
[BlackElo "2524"]
[PlyCount "76"]
[EventDate "2023.04.11"]
[EventType "team-tourn"]
[EventRounds "9"]
[EventCountry "CRO"]
[SourceTitle "CBM 213 Extra"]
[Source "ChessBase"]
[SourceDate "2023.05.31"]
[SourceVersion "1"]
[SourceVersionDate "2023.05.31"]
[SourceQuality "1"]
[WhiteTeam "Switzerland"]
[BlackTeam "Italy"]
[WhiteTeamCountry "SUI"]
[BlackTeamCountry "ITA"]

1. d4 Nf6 2. Nf3 e6 3. Bf4 h6 4. c3 b6 5. h3 Bb7 6. Nbd2 d6 7. Qc2 d5 8. e3 c5 9. Bxb8 Qxb8 10. Bb5+ Kd8 11. Ne5 Qc7 12. Bd3 Bd6 13. f4 Ke7 14. 0-0 a6 15. a4 c4 16. Be2 b5 17. Bf3 g5 18. Rae1 Rag8 19. e4 gxf4 20. Nxf7 dxe4 21. Nxd6 exf3 22. Nf5+ Kd8 23. Nxf3 exf5 24. Qxf5 Nd5 25. Re5 Qd7 26. Qh5 Kc8 27. axb5 axb5 28. Rf2 Rg7 29. Rfe2 Kb8 30. Rf5 Rhg8 31. Ne5 Rxg2+ 32. Rxg2 Rxg2+ 33. Kh1 Qg7 34. Qe8+ Ka7 35. Nc6+ Kb6 36. Qd8+ Nc7 37. Rxb5+ Kxb5 38. Na7+ Ka6 0-1

[Event "Mitropa Cup"]
[Site "Mali Losinj"]
[Date "2023.04.15"]
[Round "5.3"]
[White "Lodici, Lorenzo"]
[Black "Hagner, Bennet"]
[Result "1-0"]
[WhiteElo "2524"]
[BlackElo "2354"]
[PlyCount "81"]
[EventDate "2023.04.11"]
[EventType "team-tourn"]
[EventRounds "9"]
[EventCountry "CRO"]
[SourceTitle "CBM 213 Extra"]
[Source "ChessBase"]
[SourceDate "2023.05.31"]
[SourceVersion "1"]
[SourceVersionDate "2023.05.31"]
[SourceQuality "1"]
[WhiteTeam "Italy"]
[BlackTeam "Germany"]
[WhiteTeamCountry "ITA"]
[BlackTeamCountry "GER"]

1. e4 e5 2. Nf3 Nc6 3. Bc4 Nf6 4. d3 Bc5 5. 0-0 d6 6. a4 a5 7. h3 0-0 8. c3 h6 9. Re1 Be6 10. Bb5 Ne7 11. d4 Ba7 12. Be3 exd4 13. Bxd4 Bxd4 14. cxd4 d5 15. e5 Nd7 16. Ra3 Nc6 17. Bxc6 bxc6 18. Qc2 Ra6 19. Rc3 Qa8 20. Nbd2 Rb8 21. b3 Rb4 22. Qd3 Rab6 23. Rec1 Nf8 24. Ne1 Ra6 25. Nc2 Rbb6 26. f4 Qc8 27. Ne3 g6 28. g4 f5 29. exf6 Qd8 30. f5 Bf7 31. Nf3 Qxf6 32. Ne5 h5 33. Rf1 g5 34. gxh5 Bxh5 35. N3g4 Bxg4 36. Nxg4 Qe7 37. Qd2 Nh7 38. f6 Qd6 39. f7+ Kg7 40. f8Q+ Nxf8 41. Qxg5+ 1-0

[Event "Mitropa Cup"]
[Site "Mali Losinj"]
[Date "2023.04.14"]
[Round "4.4"]
[White "Lodici, Lorenzo"]
[Black "Zelcic, Robert"]
[Result "1/2-1/2"]
[WhiteElo "2524"]
[BlackElo "2492"]
[PlyCount "120"]
[EventDate "2023.04.11"]
[EventType "team-tourn"]
[EventRounds "9"]
[EventCountry "CRO"]
[SourceTitle "CBM 213 Extra"]
[Source "ChessBase"]
[SourceDate "2023.05.31"]
[SourceVersion "1"]
[SourceVersionDate "2023.05.31"]
[SourceQuality "1"]
[WhiteTeam "Italy"]
[BlackTeam "Croatia"]
[WhiteTeamCountry "ITA"]
[BlackTeamCountry "CRO"]

1. e4 c6 2. d4 d5 3. f3 e6 4. Nc3 Bb4 5. Bd2 Ne7 6. h4 Nd7 7. h5 h6 8. Qe2 b5 9. Nd1 Bxd2+ 10. Qxd2 0-0 11. e5 Qb6 12. f4 Nf5 13. Ne2 c5 14. c3 cxd4 15. cxd4 b4 16. g4 Ne7 17. g5 Ba6 18. Ne3 Rac8 19. Ng3 Bxf1 20. Rxf1 f6 21. exf6 gxf6 22. Ng4 hxg5 23. fxg5 Qd6 24. Rg1 f5 25. Nf6+ Kh8 26. Ne2 f4 27. Nxd7 Qxd7 28. Nxf4 Qd6 29. Nd3 Rf5 30. Rg4 Qa6 31. b3 Rf3 32. Rd1 Rc3 33. g6 Nf5 34. g7+ Kg8 35. Qg5 Qc8 36. h6 Rh3 37. Nf4 Rce3+ 38. Kf1 Ref3+ 39. Kg1 Rfg3+ 40. Ng2 Rxg4 41. Qxg4 Rxh6 42. Qf4 Rg6 43. Rc1 Qd8 44. Kf2 Rxg7 45. Ne3 Qg5 46. Qxg5 Rxg5 47. Nxf5 Rxf5+ 48. Ke3 Kg7 49. Rc6 Kf6 50. Ra6 Rh5 51. Rxa7 Rh3+ 52. Kd2 Kf5 53. Ra4 Ke4 54. Rxb4 Rh2+ 55. Kc3 Rxa2 56. Rb6 Kf5 57. Rb8 Ra1 58. Rh8 Ra7 59. Rh5+ Kf6 60. Rh3 Ra8 1/2-1/2